|
|
|
|
| LEADER |
00000nab a2200000 a 4500 |
| 001 |
vtls001500927 |
| 003 |
SK-MaSNL |
| 005 |
20260303215259.0 |
| 008 |
050224c2005 xo wr|p|||||||000 b|slo |
| 015 |
|
|
|a SNBRB2005
|2 sllk
|
| 038 |
|
|
|a SLLK
|
| 040 |
|
|
|a SLLK
|b slo
|c SLLK
|e AACR2
|
| 041 |
0 |
|
|a slo
|
| 044 |
|
|
|a xo
|c SK
|
| 080 |
|
|
|a 364.442
|2 UDC-MRF-SK2
|
| 080 |
|
|
|a 376.4
|2 UDC-MRF-SK2
|
| 100 |
0 |
|
|a (eo)
|4 pht
|4 aut
|9 848588
|
| 245 |
1 |
0 |
|a Soňa Gaborčáková: "Pre úsmev detí má moja práca zmysel"
|c Text a foto (eo)
|
| 300 |
|
|
|b Fotogr.
|
| 600 |
1 |
7 |
|a Gaborčáková, Soňa
|2 sllk
|9 1176937
|
| 610 |
2 |
7 |
|a Dom sv. Anny (Stará Ľubovňa, Slovensko)
|2 snkbucl
|9 59512
|
| 650 |
0 |
7 |
|a sociálna práca
|2 sllk
|9 1550
|
| 650 |
0 |
7 |
|a deti s ťažkým mentálnym postihnutím
|2 sllk
|9 1251330
|
| 651 |
|
7 |
|a Stará Ľubovňa (Slovensko)
|2 sllk
|9 19193
|
| 773 |
0 |
|
|t Ľubovnianske noviny
|g Roč. XXXI, č. 6 (2005) s. 2
|
| 852 |
|
|
|a SLLK
|b KIS3GCP
|
| 999 |
|
|
|c 2220821
|d 2222751
|